| 000 | 00702nam a2200193 a 4500 | ||
|---|---|---|---|
| 001 | 000006018 | ||
| 005 | 20200929151903.0 | ||
| 008 | 851017s1968 pr a b s001 0 spa | ||
| 040 |
_aDO-SdBNP _bspa _cBNPHU |
||
| 050 | 0 | 0 |
_aPQ6032 _b.G66 1968 |
| 090 |
_a860.09 _bG643h |
||
| 100 | 1 |
_aGonzález Mas, Ezequiel, _d1919- _916954 |
|
| 245 | 1 | 0 |
_aHistoria de la literatura española : _bépoca medieval, siglos X-XV / _cEzequiel González Mas. |
| 260 |
_aRio Piedras, Pueto Rico : _bUniversidad de Puerto Rico, _c1968. |
||
| 300 |
_a358 p. : _bil. ; _c24 cm. |
||
| 504 | _aIncluye referencias bibliográficas. | ||
| 650 | 4 |
_aLiteratura española _xHistoria y crìtica _93904 |
|
| 910 | _aCatalogación original/ LC | ||
| 999 |
_c5814 _d5814 |
||